Handbook of complex analysis (Record no. 321)

MARC details
000 -LEADER
fixed length control field 00496 a2200181 4500
001 - CONTROL NUMBER
control field 066130
003 - CONTROL NUMBER IDENTIFIER
control field OSt
005 - DATE AND TIME OF LATEST TRANSACTION
control field 20210914154737.0
008 - FIXED-LENGTH DATA ELEMENTS--GENERAL INFORMATION
fixed length control field
082 ## - DEWEY DECIMAL CLASSIFICATION NUMBER
Classification number 515.9
Item number H19H
245 1# - TITLE STATEMENT
Title Handbook of complex analysis
Statement of responsibility, etc edited by Reiner Kuhnau
260 ## - PUBLICATION, DISTRIBUTION, ETC. (IMPRINT)
Place of publication, distribution, etc UK
Name of publisher, distributor, etc Elsevier
Date of publication, distribution, etc 2002
300 ## - PHYSICAL DESCRIPTION
Extent 536p.
500 ## - GENERAL NOTE
General note v.1(Acc.no.416,417)
690 ## - LOCAL SUBJECT ADDED ENTRY--TOPICAL TERM (OCLC, RLIN)
Topical term or geographic name as entry element Geometric function theory; Functions of complex variables
700 ## - ADDED ENTRY--PERSONAL NAME
Personal name Kuhnau, Reiner
Relator term Editor
942 ## - ADDED ENTRY ELEMENTS (KOHA)
Source of classification or shelving scheme Dewey Decimal Classification
Koha item type Books
Holdings
Withdrawn status Lost status Damaged status Not for loan Collection code Home library Current library Date acquired Source of acquisition Cost, normal purchase price Full call number Barcode Date last seen Price effective from Koha item type
        General Text Book Central University Of Rajasthan Central University Of Rajasthan 07/03/2012 MTH 9018.00 515.9 H19H 416 21/11/2024 02/09/2020 Books
        General Text Book Central University Of Rajasthan Central University Of Rajasthan 07/03/2012 MTH 9018.00 515.9 H19H 417 21/11/2024 02/09/2020 Books